Airport codes of Europe - Statistics

General Stats
  • This quiz has been taken 91 times
  • The average score is 28 of 40
Answer Stats
Code City % Correct
BRU Brussels
99%
LUX Luxembourg
98%
AMS Amsterdam
95%
BER Berlin
94%
LIS Lisbon
93%
MAD Madrid
93%
OSL Oslo
93%
ATH Athens
91%
DUB Dublin
91%
HEL Helsinki
91%
WAW Warsaw
91%
SOF Sofia
90%
VIE Vienna
90%
BUD Budapest
88%
PRG Prague
88%
CPH Copenhagen
86%
LHR London
85%
CDG Paris
84%
ZAG Zagreb
84%
BRN Bern
78%
FCO Rome
77%
LJU Ljubljana
73%
TIA Tirana
70%
RKV Reykjavik
68%
RIX Riga
65%
SKP Skopje
62%
SJJ Sarajevo
56%
BEG Belgrade
54%
VNO Vilnius
53%
BTS Bratislava
47%
IEV Kiev
47%
DME Moscow
46%
TTL Tallinn
42%
PRN Pristina
41%
MSQ Minsk
40%
TGD Podgorica
30%
BBU Bucharest
28%
RMO Chisinau
27%
MLA Valetta
27%
BMA Stockholm
25%
No matching quizzes found
Score Distribution
Percent of People with Each Score
Percentile by Number Answered
Your Score History
You have not taken this quiz